A2-Level Sociology:The Revision Guide (Record no. 5342)

MARC details
005 - DATE AND TIME OF LATEST TRANSACTION
control field 20250626130407.0
020 ## - INTERNATIONAL STANDARD BOOK NUMBER
International Standard Book Number 978-1-84762-277-8
082 ## - DEWEY DECIMAL CLASSIFICATION NUMBER
Classification number 301 CGP
100 ## - MAIN ENTRY--PERSONAL NAME
Author name CBP
245 ## - TITLE STATEMENT
Title A2-Level Sociology:The Revision Guide
260 ## - PUBLICATION, DISTRIBUTION, ETC.
Place of publication, distribution, etc. Newcasstle
Name of publisher, distributor, etc. Coordination group publications ltd.
Date of publication, distribution, etc. 2009
300 ## - PHYSICAL DESCRIPTION
Extent 174p.;ills Tables
Other physical details Index
Dimensions 30cm
942 ## - ADDED ENTRY ELEMENTS (KOHA)
Source of classification or shelving scheme Dewey Decimal Classification
Koha item type Books
Holdings
Date last seen Total checkouts Full call number Barcode Cost, replacement price Price effective from Koha item type Lost status Source of classification or shelving scheme Damaged status Not for loan Withdrawn status Home library Current library Shelving location Date acquired Source of acquisition Cost, normal purchase price
06/26/2025   301 CGP MZA0002269 60000.00 06/26/2019 Books   Dewey Decimal Classification       CBE Mwanza CBE Mwanza Special Reserve Collection 06/26/2019 Library Budget 20000.00
06/26/2025   301 CGP MZA0002270 60000.00 06/26/2019 Books   Dewey Decimal Classification       CBE Mwanza CBE Mwanza Special Reserve Collection 06/26/2019 Library Budget 20000.00
06/26/2025   301 CGP MZA0002271 60000.00 06/26/2019 Books   Dewey Decimal Classification       CBE Mwanza CBE Mwanza Special Reserve Collection 06/26/2019 Library Budget 20000.00